| 000 | 00000nam 2200000za 4500 |
| 001 | 9.686987 |
| 003 | CaOODSP |
| 005 | 20240527135429 |
| 007 | cr ||||||||||| |
| 008 | 150407|2004||||xxc|||||o f|0| 0 eng d |
| 020 | |a066236998X |
| 040 | |aCaOODSP|beng |
| 043 | |an-cn--- |
| 086 | 1 |aEn154-24/2004E-PDF |
| 110 | 2 |aCanadian Wildlife Service. |
| 245 | 10|aQuébec management plan for the Common Eider (Somateria mollissima dresseri) / |h[electronic resource]|cby the Joint Working Group on the Management of the Common Eider. |
| 260 | |aSainte-Foy - Quebec : |bEnvironment Canada. |cc2004. |
| 300 | |a48p.|bcoloured maps, fig., graphs, references, photographs |
| 500 | |aThe catalogue number (En154-24/2004E) and ISBN (0-662-36998-X) for the print edition have been incorrectly copied in this electronic publication. |
| 590 | |a14-08-Supp|b2014-04-10 |
| 690 | 07|aAquatic birds|2gcpds |
| 690 | 07|aEnvironmental conservation|2gcpds |
| 775 | 08|tPlan québécois de gestion de l'Eider à duvet (Somateria mollissima dresseri) / |w(CaOODSP)9.631449 |
| 856 | 40|ahttp://publications.gc.ca|qPDF|s2.19 MB|uhttps://publications.gc.ca/collections/collection_2014/ec/En154-24-2004-eng.pdf |